Business Forecasting Methods

Na minha lista:
Detalhes bibliográficos
Autor principal: Jarrett, Jeffrey
Formato: Livro
Idioma:inglês
Publicado em: Cambridge Basil Blackwell 1989
Assuntos:
Tags: Adicionar Tag
Sem tags, seja o primeiro a adicionar uma tag!

MARC

LEADER 00000nam a2200000 4500
001 c002598
005 20260302114243.0
020 |a 0-631-15346-2 
041 0 |a eng 
044 |a US 
245 1 0 |a Business Forecasting Methods  |c Jeffrey Jarrett 
264 1 |a Cambridge  |b Basil Blackwell  |c 1989 
300 |a 337 s. 
610 2 0 |a metódy prognostické 
610 2 0 |a prognózovanie 
610 2 0 |a podnikanie 
610 2 0 |a rady časové 
610 2 0 |a modelovanie 
610 2 0 |a regresia 
610 2 0 |a korelácia 
610 2 0 |a modely ekonometrické 
610 2 0 |a modely regresné 
610 2 0 |a plánovanie 
610 2 0 |a kontrola 
100 1 |a Jarrett, Jeffrey